| 000 | 00985aab a2200193 i 4500 | ||
|---|---|---|---|
| 001 | 768714001 | ||
| 003 | CO-MdFUSB | ||
| 005 | 20240422115423.0 | ||
| 008 | 240403t1990 ag ||||| |||| 00| 0 spa d | ||
| 040 |
_bspa _cCO-MdFUSB |
||
| 041 | _aspa | ||
| 100 | 1 |
_aDeiros, Pablo A. (Alberto) (1945-) _eautor |
|
| 245 | 1 | 0 |
_aReligiones indígenas del extremo sur _c/ Pablo A. Deiros |
| 300 |
_aVolumen 9, número 1 (marzo, 1990) páginas: 21 - 23 _c; 27 cm |
||
| 520 | _aLos magallánicos se denominaron así a los pueblos indígenas que habitaron en el extremo sur del continente, entre estas culturas están los chonos, alakaluf, yaganes y onas. La religión de los magallánicos se distinguía por creer en un dios supremo. Su deidad mayor era el "Padre de los cielos," el gran dios de los pueblos nómadas y pastores | ||
| 650 | 7 |
_aReligión y cultura _9388 |
|
| 773 | 0 |
_tIglesia y Misión _049402 _959664 _gVolumen 9, número 1 (marzo, 1990) páginas: 21 - 23 _qpágina: 21 |
|
| 942 | _cANA | ||
| 999 |
_c51879 _d51879 |
||